[Event "Los Angeles"]
[Site "Los Angeles"]
[Date "2003.08.22"]
[Round "5"]
[White "Ambartsoumian, Armen"]
[Black "Taylor, Timothy"]
[Result "1-0"]
[WhiteElo "2424"]
[BlackElo "2401"]
[PlyCount "71"]
[EventDate "2003.08.18"]
[EventType "tourn"]
[EventRounds "9"]
[EventCountry "USA"]
[EventCategory "10"]
[SourceTitle "CBM 097"]
[Source "ChessBase"]
[SourceDate "2003.11.11"]
[SourceVersion "1"]
[SourceVersionDate "2003.11.11"]
[SourceQuality "1"]

1. d4 d5 2. c4 e6 3. Nc3 Nf6 4. cxd5 exd5 5. Bg5 Be7 6. e3 c6 7. Bd3 0-0 8. Qc2 Nbd7 9. Nge2 Re8 10. f3 Qa5 11. 0-0 h6 12. Bh4 c5 13. Kh1 c4 14. Bf5 Nf8 15. Bxc8 Raxc8 16. Bxf6 Bxf6 17. e4 Ne6 18. e5 Bxe5 19. dxe5 d4 20. f4 dxc3 21. bxc3 Nc5 22. Rab1 Nd3 23. Nd4 Qd5 24. Qe2 g6 25. Rf3 f5 26. Rbf1 b5 27. a3 a6 28. h4 Re7 29. h5 Rg7 30. Rg3 Nc5 31. Rxg6 Rxg6 32. hxg6 Ne4 33. Nxf5 Rc7 34. Qf3 Qd3 35. Kh2 h5 36. Rd1 1-0

[Event "Los Angeles"]
[Site "Los Angeles"]
[Date "2003.08.18"]
[Round "1"]
[White "Sevillano, Enrico"]
[Black "Ambartsoumian, Armen"]
[Result "1-0"]
[WhiteElo "2490"]
[BlackElo "2424"]
[PlyCount "149"]
[EventDate "2003.08.18"]
[EventType "tourn"]
[EventRounds "9"]
[EventCountry "USA"]
[EventCategory "10"]
[SourceTitle "CBM 097"]
[Source "ChessBase"]
[SourceDate "2003.11.11"]
[SourceVersion "1"]
[SourceVersionDate "2003.11.11"]
[SourceQuality "1"]

1. d4 d5 2. c4 e6 3. Nf3 Nf6 4. Nc3 Be7 5. Bg5 h6 6. Bxf6 Bxf6 7. e3 0-0 8. cxd5 exd5 9. Qb3 c6 10. Bd3 Re8 11. 0-0 Nd7 12. Rad1 Qb6 13. Qc2 Nf8 14. h3 g6 15. Rfe1 Bg7 16. a3 f5 17. b4 a6 18. Nd2 Qd8 19. f4 a5 20. Nf3 Qe7 21. Rb1 Be6 22. Na4 Nd7 23. Nc5 axb4 24. axb4 Nxc5 25. bxc5 Ra3 26. Rb3 Rea8 27. Qb2 R3a7 28. Qf2 Bf6 29. Kh2 Kg7 30. Reb1 Bc8 31. R1b2 Ra3 32. Bb1 R8a6 33. Qg3 Rxb3 34. Rxb3 Qd8 35. h4 h5 36. Ne5 Bxe5 37. fxe5 Qe7 38. Qf2 Qd8 39. Bd3 Ra7 40. Qf4 Qe7 41. Rb2 Ra3 42. Be2 Kh7 43. Rb1 Kg7 44. Kg3 Kh7 45. Bf3 Kg7 46. Rh1 Be6 47. Rh3 Ra1 48. Kh2 Kh7 49. Rg3 Rf1 50. Rg5 Qf7 51. Qg3 Kh6 52. Be2 Rb1 53. Qf2 Rb2 54. Qf1 Rb3 55. Qc1 Kh7 56. Bf3 Bc8 57. Bd1 Rb5 58. Qa1 Be6 59. Qa2 Qe8 60. Be2 Rb4 61. Bd3 b6 62. cxb6 Qb8 63. Be2 Rxb6 64. Bxh5 gxh5 65. Rxh5+ Kg6 66. Rg5+ Kf7 67. Qe2 Qh8 68. h5 Rb7 69. Rg6 Re7 70. Rf6+ Kg7 71. h6+ Kg8 72. Qh5 Qh7 73. Qg5+ Kh8 74. Rf8+ Bg8 75. Qf6+ 1-0

[Event "Southern California-ch"]
[Site "Costa Mesa"]
[Date "2003.07.26"]
[Round "6"]
[White "Ambartsoumian, Armen"]
[Black "Kretchetov, Alexandre"]
[Result "1-0"]
[WhiteElo "2424"]
[BlackElo "2335"]
[PlyCount "71"]
[EventDate "2003.07.18"]
[EventType "tourn"]
[EventRounds "9"]
[EventCountry "USA"]
[EventCategory "5"]
[SourceTitle "CBM 095 Extra"]
[Source "ChessBase"]
[SourceDate "2003.09.04"]
[SourceVersion "1"]
[SourceVersionDate "2003.09.04"]
[SourceQuality "1"]

1. d4 Nf6 2. c4 e5 3. dxe5 Ng4 4. Nf3 Nc6 5. b3 Bc5 6. e3 0-0 7. Bb2 Re8 8. Be2 Ngxe5 9. 0-0 a5 10. Nc3 Nxf3+ 11. Bxf3 Ne5 12. Be2 Ra6 13. Ne4 Ba7 14. Qd5 Rh6 15. Bxe5 c6 16. Bf6 gxf6 17. Qd3 d5 18. Ng3 Re5 19. Rfd1 f5 20. Nf1 Qf6 21. Qd2 Kg7 22. Bf3 dxc4 23. bxc4 Rh4 24. Ng3 f4 25. exf4 Rxf4 26. Re1 Bg4 27. Rxe5 Qxe5 28. Re1 Qd4 29. Qe2 Bxf3 30. gxf3 Qc5 31. Qb2+ Kg6 32. Re8 f6 33. Ne4 Qd4 34. Qe2 Qd7 35. Ng3 Rxc4 36. Rg8+ 1-0

[Event "USA-ch"]
[Site "Seattle"]
[Date "2002.01.08"]
[Round "4"]
[White "Ambartsoumian, Armen"]
[Black "Zlotnikov, Mikhail"]
[Result "1-0"]
[WhiteElo "2388"]
[BlackElo "2358"]
[PlyCount "73"]
[EventDate "2002.01.05"]
[EventType "swiss"]
[EventRounds "9"]
[EventCountry "USA"]
[SourceTitle "CBM 087"]
[Source "ChessBase"]
[SourceDate "2002.03.21"]
[SourceVersion "1"]
[SourceVersionDate "2002.03.21"]
[SourceQuality "1"]

1. d4 Nf6 2. c4 g6 3. Nc3 Bg7 4. e4 d6 5. Nf3 0-0 6. Be2 Nbd7 7. 0-0 e5 8. Re1 c6 9. d5 Nc5 10. Nd2 Qb6 11. b3 Bh6 12. Qc2 Bg4 13. Bf1 Rac8 14. b4 Na6 15. c5 Qxb4 16. a3 Qxc5 17. Nb3 Qb6 18. Bxh6 cxd5 19. exd5 Bf5 20. Qb2 Nc5 21. Nb5 Ng4 22. Bxf8 Na4 23. Qe2 Rc2 24. Nd2 Kxf8 25. Rac1 Rb2 26. h3 Nf6 27. Red1 Bc2 28. Nc4 Bxd1 29. Qxb2 Nxb2 30. Nxb6 axb6 31. Rb1 Na4 32. Rxd1 Ke7 33. g4 h6 34. Bg2 Nd7 35. Rb1 f5 36. gxf5 gxf5 37. Rb4 1-0

[Event "Southern California-ch"]
[Site "Los Angeles"]
[Date "2000.07.09"]
[Round "3"]
[White "Ambartsoumian, Armen"]
[Black "Lakdawala, Cyrus"]
[Result "0-1"]
[WhiteElo "2377"]
[BlackElo "2441"]
[PlyCount "80"]
[EventDate "2000.07.08"]
[EventType "tourn"]
[EventRounds "7"]
[EventCountry "USA"]
[EventCategory "4"]
[SourceTitle "CBM 077 Extra"]
[Source "ChessBase"]
[SourceDate "2000.09.14"]
[SourceVersion "1"]
[SourceVersionDate "2000.09.14"]
[SourceQuality "1"]

1. d4 d5 2. c4 c6 3. Nf3 Nf6 4. Nc3 dxc4 5. a4 Bf5 6. Ne5 Nbd7 7. Nxc4 Qc7 8. g3 e5 9. dxe5 Nxe5 10. Bf4 Nfd7 11. Bg2 f6 12. 0-0 Nc5 13. e4 Bg6 14. Qe2 Bf7 15. Nxe5 fxe5 16. Be3 Be7 17. f4 exf4 18. gxf4 0-0 19. Kh1 Rad8 20. Bf3 Nb3 21. Rad1 Bc5 22. Bxc5 Nxc5 23. e5 Rxd1 24. Rxd1 Bb3 25. Rd4 Ne6 26. Rb4 Nxf4 27. Qe3 Qf7 28. e6 Bxe6 29. Rxf4 Qxf4 30. Qxe6+ Kh8 31. Be2 g6 32. Qe4 Kg7 33. Qe7+ Rf7 34. Qc5 a6 35. Kg2 Kh6 36. b3 Rf5 37. Qb6 Rg5+ 38. Kh3 Qf5+ 39. Kh4 Qe5 40. Qf2 Rf5 0-1

[Event "Southern California-ch"]
[Site "Los Angeles"]
[Date "1999.07.17"]
[Round "6"]
[White "Lakdawala, Cyrus"]
[Black "Ambartsoumian, Armen"]
[Result "1-0"]
[WhiteElo "2438"]
[BlackElo "2359"]
[PlyCount "101"]
[EventDate "1999.07.05"]
[EventType "tourn"]
[EventRounds "7"]
[EventCountry "USA"]
[EventCategory "4"]
[SourceTitle "CBM 071 Extra"]
[Source "ChessBase"]
[SourceDate "1999.09.14"]
[SourceVersion "1"]
[SourceVersionDate "1999.09.14"]
[SourceQuality "1"]

1. d4 d5 2. c4 e6 3. Nc3 Nf6 4. cxd5 exd5 5. Bg5 Be7 6. e3 0-0 7. Bd3 Nbd7 8. Nf3 c6 9. Qc2 Re8 10. 0-0 Nf8 11. Bxf6 Bxf6 12. b4 a6 13. Na4 Be7 14. Rab1 Bd6 15. Rfe1 Qc7 16. h3 g6 17. Nc5 Ne6 18. Rec1 Qe7 19. Rb3 Ng5 20. Nxg5 Qxg5 21. Bf1 Bf5 22. Qd2 Re7 23. Kh1 Qf6 24. a4 g5 25. g3 Qh6 26. Kh2 Bxh3 27. Bxh3 g4 28. Rh1 gxh3 29. Qd1 a5 30. Qg4+ Kh8 31. bxa5 Bxc5 32. dxc5 Qf6 33. Qd4 Qxd4 34. exd4 Rxa5 35. Rb4 Re2 36. Kxh3 Rxf2 37. Re1 Ra7 38. Re7 Ra2 39. Rxf7 R2xa4 40. Rfxb7 Rxb4 41. Rxb4 Re7 42. Kg4 Rg7+ 43. Kf4 Re7 44. Kf5 Re4 45. Kf6 h5 46. Rb6 Rxd4 47. Rxc6 Rd3 48. Rd6 Kh7 49. c6 Rxg3 50. Ke6 Kg6 51. c7 1-0

[Event "Southern California-ch"]
[Site "Los Angeles"]
[Date "1999.07.10"]
[Round "2"]
[White "Ambartsoumian, Armen"]
[Black "Peters, Jack"]
[Result "1/2-1/2"]
[WhiteElo "2359"]
[BlackElo "2478"]
[PlyCount "78"]
[EventDate "1999.07.05"]
[EventType "tourn"]
[EventRounds "7"]
[EventCountry "USA"]
[EventCategory "4"]
[SourceTitle "CBM 071 Extra"]
[Source "ChessBase"]
[SourceDate "1999.09.14"]
[SourceVersion "1"]
[SourceVersionDate "1999.09.14"]
[SourceQuality "1"]

1. d4 Nf6 2. Nf3 g6 3. c4 Bg7 4. Nc3 d5 5. Qb3 dxc4 6. Qxc4 0-0 7. e4 a6 8. e5 b5 9. Qb3 Nfd7 10. e6 fxe6 11. h4 c5 12. Ng5 c4 13. Qc2 Nc6 14. Be3 Nf6 15. Rd1 Nb4 16. Qd2 Nbd5 17. Be2 h6 18. Nge4 Nxe3 19. Qxe3 Nd5 20. Qd2 Nf4 21. g3 Nxe2 22. Qxe2 Qb6 23. f4 Bb7 24. Qg4 Rad8 25. Qxg6 Rxd4 26. Rxd4 Qxd4 27. Ke2 Qd3+ 28. Kf2 Qc2+ 29. Ke3 Qd3+ 30. Kf2 Rd8 31. Re1 b4 32. Re3 Qd4 33. Qxe6+ Kh8 34. Ne2 Qd5 35. Qxe7 Bxb2 36. Nf6 Qg2+ 37. Ke1 Qh1+ 38. Kf2 Qg2+ 39. Ke1 Qh1+ 1/2-1/2

[Event "Southern California op"]
[Site "Los Angeles"]
[Date "1998.??.??"]
[Round "3"]
[White "Akopyan, Harutyun"]
[Black "Ambartsoumian, Armen"]
[Result "0-1"]
[WhiteElo "2290"]
[BlackElo "2320"]
[PlyCount "50"]
[EventDate "1998.08.??"]
[EventType "swiss"]
[EventRounds "6"]
[EventCountry "USA"]
[SourceTitle "EXT 2000"]
[Source "ChessBase"]
[SourceDate "1999.11.16"]
[SourceVersion "1"]
[SourceVersionDate "1999.11.16"]
[SourceQuality "1"]

1. e4 c5 2. Nf3 Nc6 3. Bb5 g6 4. Bxc6 bxc6 5. 0-0 Bg7 6. c3 Nf6 7. Re1 0-0 8. d4 cxd4 9. cxd4 d6 10. Qc2 Bg4 11. Nbd2 Rc8 12. h3 Bd7 13. Rb1 d5 14. e5 Bf5 15. Qb3 Ne4 16. Ra1 c5 17. g4 Be6 18. dxc5 d4 19. Qd3 Nxc5 20. Qxd4 Nd3 21. Rf1 Nxe5 22. Qxd8 Rfxd8 23. Nxe5 Bxe5 24. Nf3 Bg7 25. Bg5 Rd3 0-1

[Event "Southern California op"]
[Site "Los Angeles"]
[Date "1998.??.??"]
[Round "4"]
[White "Ambartsoumian, Armen"]
[Black "Small, Gregg"]
[Result "1-0"]
[WhiteElo "2320"]
[BlackElo "2265"]
[PlyCount "83"]
[EventDate "1998.08.??"]
[EventType "swiss"]
[EventRounds "6"]
[EventCountry "USA"]
[SourceTitle "EXT 2000"]
[Source "ChessBase"]
[SourceDate "1999.11.16"]
[SourceVersion "1"]
[SourceVersionDate "1999.11.16"]
[SourceQuality "1"]

1. d4 d5 2. c4 dxc4 3. Nf3 a6 4. e3 Nf6 5. Bxc4 e6 6. 0-0 c5 7. Qe2 Nc6 8. Rd1 Qc7 9. Nc3 b5 10. Bb3 Be7 11. Bc2 0-0 12. a4 bxa4 13. Rxa4 Nb4 14. Bb1 Bb7 15. e4 cxd4 16. Nxd4 Nd7 17. Qg4 Bc6 18. Bh6 g6 19. Bxf8 Bxa4 20. Bxe7 Ne5 21. Qg3 Bxd1 22. Bf6 Nf3+ 23. gxf3 Qxg3+ 24. fxg3 e5 25. Bxe5 Rd8 26. Kf2 Bc2 27. Nxc2 Nd3+ 28. Ke2 Nxe5 29. Ne3 Rb8 30. Ncd1 Nc6 31. Nc2 Kf8 32. Ba2 Ke7 33. Bd5 Nd8 34. Kd3 Ne6 35. b3 f6 36. Nd4 Nc5+ 37. Kd2 Kd6 38. Ne3 Nd7 39. Nc4+ Kc5 40. Kc3 Ne5 41. Ne6+ Kb5 42. Nc7+ 1-0

[Event "Southern California op"]
[Site "Los Angeles"]
[Date "1998.??.??"]
[Round "6"]
[White "Peters, Jack"]
[Black "Ambartsoumian, Armen"]
[Result "0-1"]
[WhiteElo "2475"]
[BlackElo "2320"]
[PlyCount "78"]
[EventDate "1998.08.??"]
[EventType "swiss"]
[EventRounds "6"]
[EventCountry "USA"]
[SourceTitle "EXT 2000"]
[Source "ChessBase"]
[SourceDate "1999.11.16"]
[SourceVersion "1"]
[SourceVersionDate "1999.11.16"]
[SourceQuality "1"]

1. e4 c5 2. Nf3 Nc6 3. d4 cxd4 4. Nxd4 e5 5. Nb5 d6 6. c4 Be7 7. N1c3 a6 8. Na3 Be6 9. Nc2 Bg5 10. Nd5 Bxc1 11. Rxc1 Nf6 12. Bd3 0-0 13. 0-0 Nd7 14. Qd2 g6 15. Rfd1 Bxd5 16. cxd5 Ne7 17. Qh6 f6 18. Ne3 b5 19. Rc3 Rc8 20. Rxc8 Qxc8 21. h4 Kh8 22. Nf1 Nc5 23. Bb1 Ng8 24. Qc1 Ne7 25. Ne3 Qd7 26. Qd2 f5 27. exf5 gxf5 28. f4 Ng6 29. fxe5 Nxe5 30. Rf1 f4 31. Qc2 Ncd3 32. Qe2 f3 33. Qd1 Qa7 34. Qd2 f2+ 35. Kh1 Qd4 36. g3 Rf3 37. Bxd3 Rxe3 38. Qxf2 Qxd5+ 39. Kg1 Nf3+ 0-1

[Event "US Open-92"]
[Site "Los Angeles"]
[Date "1991.??.??"]
[Round "?"]
[White "Ambartsoumian, Armen"]
[Black "Edelman, Daniel"]
[Result "1-0"]
[WhiteElo "2345"]
[BlackElo "2420"]
[PlyCount "99"]
[EventDate "1991.07.28"]
[EventType "swiss"]
[EventRounds "12"]
[EventCountry "USA"]
[SourceTitle "EXT 2000"]
[Source "ChessBase"]
[SourceDate "1999.11.16"]
[SourceVersion "1"]
[SourceVersionDate "1999.11.16"]
[SourceQuality "1"]

1. d4 Nf6 2. c4 g6 3. Nc3 Bg7 4. e4 d6 5. Nf3 0-0 6. Be2 e5 7. 0-0 Nc6 8. d5 Ne7 9. Nd2 a5 10. a3 Nd7 11. Rb1 f5 12. b4 Kh8 13. Qc2 Ng8 14. exf5 gxf5 15. f4 exf4 16. Nf3 Ne5 17. Bxf4 axb4 18. axb4 Bd7 19. c5 Qf6 20. Nxe5 dxe5 21. Be3 Qg6 22. b5 f4 23. Bd3 Qh5 24. c6 bxc6 25. bxc6 Bc8 26. Bc5 Rf6 27. Be2 Qf7 28. Ne4 Bf5 29. Bf3 Rh6 30. Rb7 Qg6 31. Rfb1 Bf8 32. Bxf8 Rxf8 33. Rb8 Rf7 34. Qc3 Re7 35. Re1 Bxe4 36. Rxe4 Qg5 37. Rf8 Rf6 38. Rd8 Qg7 39. Qc5 Qf7 40. Rb4 Re8 41. Rd7 Re7 42. Rxe7 Nxe7 43. Rb7 Nf5 44. Qa7 Nd4 45. Qa8+ Qf8 46. Qxf8+ Rxf8 47. Rxc7 Re8 48. d6 e4 49. d7 Rd8 50. Bxe4 1-0

[Event "US Open-92"]
[Site "Los Angeles"]
[Date "1991.??.??"]
[Round "?"]
[White "Ambartsoumian, Armen"]
[Black "Gurevich, Ilya"]
[Result "1-0"]
[WhiteElo "2345"]
[BlackElo "2495"]
[PlyCount "95"]
[EventDate "1991.07.28"]
[EventType "swiss"]
[EventRounds "12"]
[EventCountry "USA"]
[SourceTitle "EXT 2000"]
[Source "ChessBase"]
[SourceDate "1999.11.16"]
[SourceVersion "1"]
[SourceVersionDate "1999.11.16"]
[SourceQuality "1"]

1. d4 Nf6 2. Nf3 g6 3. c4 Bg7 4. Nc3 d5 5. Qb3 dxc4 6. Qxc4 0-0 7. e4 Na6 8. Be2 c5 9. d5 e6 10. 0-0 exd5 11. exd5 Bf5 12. Be3 Re8 13. Rac1 Ne4 14. Qb3 Nb4 15. Rfd1 Rc8 16. Bb5 Nxc3 17. bxc3 Re4 18. Nd2 Rg4 19. h3 Rh4 20. g3 Nxd5 21. gxh4 Nxe3 22. fxe3 Qxh4 23. Bf1 Bh6 24. Nc4 Be4 25. Bg2 Qg3 26. Qb2 b5 27. Qf2 Qxg2+ 28. Qxg2 Bxg2 29. Nd6 Bb7 30. Nxc8 Bxe3+ 31. Kf1 Bxc8 32. Rd8+ Kg7 33. Rxc8 Bxc1 34. Rxc5 a6 35. Ke2 f5 36. Rc7+ Kh6 37. Ra7 Bb2 38. Kd3 f4 39. Rxa6 f3 40. Rf6 b4 41. Rxf3 bxc3 42. Kc2 g5 43. a4 Kh5 44. a5 Ba3 45. Rxc3 Bd6 46. a6 Bb8 47. Rc8 Ba7 48. Rc7 1-0

[Event "CHN-CIS"]
[Site "Beijing"]
[Date "1991.??.??"]
[Round "?"]
[White "Ambartsoumian, Armen"]
[Black "Wang, Zili"]
[Result "0-1"]
[WhiteElo "2345"]
[BlackElo "2495"]
[PlyCount "76"]
[EventDate "1991.??.??"]
[EventType "team"]
[EventRounds "9"]
[EventCountry "CHN"]
[SourceTitle "CBM 028"]
[Source "ChessBase"]
[SourceDate "1992.06.01"]
[SourceVersion "1"]
[SourceVersionDate "1992.06.01"]
[SourceQuality "1"]

1. d4 Nf6 2. Nf3 g6 3. c4 Bg7 4. Nc3 0-0 5. e4 d6 6. Be2 e5 7. 0-0 Nc6 8. d5 Ne7 9. Nd2 a5 10. a3 Nd7 11. Rb1 f5 12. b4 Kh8 13. Qc2 Nf6 14. f3 Neg8 15. c5 axb4 16. axb4 Nh5 17. Nc4 Ngf6 18. cxd6 cxd6 19. Nb5 fxe4 20. Ncxd6 Nxd5 21. fxe4 Ndf4 22. Bxh5 gxh5 23. Bxf4 exf4 24. Rbd1 Qe7 25. Qc7 Qf6 26. Nd4 Bg4 27. Rd2 f3 28. Nxf3 Bxf3 29. gxf3 Bh6 30. Rg2 Bf4 31. e5 Bxe5 32. Rd1 Bd4+ 33. Kh1 Qxf3 34. Qc1 Ra2 35. Nf7+ Rxf7 36. Qc8+ Rf8 37. Qxf8+ Qxf8 38. Rxa2 Qf3+ 0-1

[Event "US Open-92"]
[Site "Los Angeles"]
[Date "1991.??.??"]
[Round "?"]
[White "Bisguier, Arthur Bernard"]
[Black "Ambartsoumian, Armen"]
[Result "1/2-1/2"]
[WhiteElo "2370"]
[BlackElo "2345"]
[PlyCount "105"]
[EventDate "1991.07.28"]
[EventType "swiss"]
[EventRounds "12"]
[EventCountry "USA"]
[SourceTitle "EXT 2000"]
[Source "ChessBase"]
[SourceDate "1999.11.16"]
[SourceVersion "1"]
[SourceVersionDate "1999.11.16"]
[SourceQuality "1"]

1. d4 Nf6 2. c4 d6 3. Nc3 Nbd7 4. Nf3 c6 5. Bg5 h6 6. Bh4 g5 7. Bg3 Nh5 8. e3 Ndf6 9. Bd3 Bg4 10. h3 Nxg3 11. fxg3 Bxf3 12. Qxf3 Bg7 13. 0-0 Qc7 14. Ne4 0-0-0 15. b4 Rhf8 16. Rab1 Kb8 17. Nxf6 Bxf6 18. c5 Ka8 19. Rb3 Bg7 20. b5 cxb5 21. Rxb5 d5 22. Rfb1 f5 23. Rxb7 Qxb7 24. Rxb7 Kxb7 25. Qf1 f4 26. Ba6+ Kc7 27. Qb5 Rb8 28. Qa5+ Kd7 29. c6+ Kxc6 30. Qc5+ Kd7 31. Qxd5+ Kc7 32. Qc5+ Kd8 33. gxf4 gxf4 34. e4 f3 35. gxf3 Rxf3 36. Qxa7 Rb1+ 37. Kg2 Rc3 38. Be2 Rc2 39. Kf3 Rbb2 40. Qa8+ Kc7 41. Qa5+ Kc8 42. Ba6+ Kb8 43. Bd3 Rf2+ 44. Ke3 Bf6 45. Qd8+ Kb7 46. Qd7+ Kb8 47. e5 Bg5+ 48. Ke4 Rb6 49. Kd5 Rxa2 50. Qd8+ Kb7 51. Be4 Rc2 52. Qxb6+ Kxb6 53. Bxc2 1/2-1/2

[Event "Cappelle op 07th"]
[Site "Cappelle la Grande"]
[Date "1991.??.??"]
[Round "4"]
[White "Boudre, Jean Pierre"]
[Black "Ambartsoumian, Armen"]
[Result "1-0"]
[WhiteElo "2365"]
[BlackElo "2345"]
[PlyCount "35"]
[EventDate "1991.02.??"]
[EventType "swiss"]
[EventRounds "9"]
[EventCountry "FRA"]
[SourceTitle "TD"]
[Source "ChessBase"]
[SourceDate "1994.03.01"]
[SourceVersion "1"]
[SourceVersionDate "1994.03.01"]
[SourceQuality "1"]

1. e4 c5 2. Nf3 Nc6 3. d4 cxd4 4. Nxd4 e5 5. Nb5 d6 6. c4 Be7 7. N1c3 a6 8. Na3 Be6 9. Be2 Nd4 10. Be3 Nxe2 11. Qxe2 Nf6 12. 0-0 0-0 13. Rfe1 Qa5 14. f3 Rfc8 15. Rac1 h6 16. Rc2 Rc6 17. Nd5 Nxd5 18. exd5 1-0

[Event "CHN-CIS"]
[Site "Beijing"]
[Date "1991.??.??"]
[Round "?"]
[White "Xu, Jun"]
[Black "Ambartsoumian, Armen"]
[Result "1/2-1/2"]
[WhiteElo "2535"]
[BlackElo "2345"]
[PlyCount "65"]
[EventDate "1991.??.??"]
[EventType "team"]
[EventRounds "9"]
[EventCountry "CHN"]
[SourceTitle "CBM 028"]
[Source "ChessBase"]
[SourceDate "1992.06.01"]
[SourceVersion "1"]
[SourceVersionDate "1992.06.01"]
[SourceQuality "1"]

1. c4 e6 2. g3 d5 3. Bg2 Nf6 4. Nf3 Be7 5. 0-0 0-0 6. b3 c5 7. Bb2 Nc6 8. e3 b6 9. Qe2 Bb7 10. d3 Rc8 11. Rd1 Qc7 12. Nc3 dxc4 13. bxc4 Rfd8 14. Rac1 Rd7 15. d4 cxd4 16. exd4 Na5 17. Ne5 Bxg2 18. Nxd7 Qxd7 19. Kxg2 Nxc4 20. Ba1 Nd5 21. Nxd5 Qxd5+ 22. Qf3 b5 23. Qxd5 exd5 24. Bc3 b4 25. Be1 a5 26. h4 h5 27. Rb1 Rb8 28. Rd3 a4 29. Kh3 Bd6 30. g4 hxg4+ 31. Kxg4 Na3 32. Rb2 Nc4 33. Rb1 1/2-1/2

[Event "CHN-CIS"]
[Site "Beijing"]
[Date "1991.??.??"]
[Round "?"]
[White "Ye, Jiangchuan"]
[Black "Ambartsoumian, Armen"]
[Result "1-0"]
[WhiteElo "2545"]
[BlackElo "2345"]
[PlyCount "67"]
[EventDate "1991.??.??"]
[EventType "team"]
[EventRounds "9"]
[EventCountry "CHN"]
[SourceTitle "CBM 028"]
[Source "ChessBase"]
[SourceDate "1992.06.01"]
[SourceVersion "1"]
[SourceVersionDate "1992.06.01"]
[SourceQuality "1"]

1. e4 c5 2. Nf3 Nc6 3. Bb5 e6 4. 0-0 Nge7 5. c3 a6 6. Ba4 b5 7. Bc2 Bb7 8. d4 cxd4 9. Nxd4 d5 10. Nxc6 Bxc6 11. e5 Ng6 12. Re1 Bc5 13. Be3 Bxe3 14. Rxe3 Qb6 15. Qg4 Rd8 16. Qd4 Rb8 17. Nd2 b4 18. Qg4 bxc3 19. bxc3 Qd8 20. Nf3 Bd7 21. h4 h5 22. Qg3 Rh6 23. Ng5 Ne7 24. Rae1 Rb6 25. Qf3 Nf5 26. Bxf5 exf5 27. Qxd5 Be6 28. Qa5 Rc6 29. Qa4 Qc7 30. Rd1 Ke7 31. Qa3+ Rc5 32. Red3 Qxe5 33. Re3 Qc7 34. Rd5 1-0

[Event "URS Club Cup 2nd Group2"]
[Site "Podolsk"]
[Date "1990.03.??"]
[Round "2"]
[White "Ambartsoumian, Armen"]
[Black "Shabanov, Yuri"]
[Result "1/2-1/2"]
[WhiteElo "2355"]
[BlackElo "2385"]
[PlyCount "154"]
[EventDate "1990.03.??"]
[EventType "team-tourn"]
[EventRounds "6"]
[EventCountry "URS"]
[SourceTitle "EXT 2020"]
[Source "ChessBase"]
[SourceDate "2019.10.17"]
[SourceVersion "1"]
[SourceVersionDate "2019.10.17"]
[SourceQuality "1"]
[WhiteTeam "Yerevan"]
[BlackTeam "Krasnodar Regional CC"]
[WhiteTeamCountry "ARM"]
[BlackTeamCountry "URS"]

1. d4 d5 2. c4 c6 3. Nc3 Nf6 4. Nf3 Qb6 5. Ne5 Bf5 6. c5 Qd8 7. Qb3 Qc8 8. f3 Be6 9. e4 Nbd7 10. Nxd7 Qxd7 11. e5 Ng8 12. Bd3 g6 13. Ne2 Bf5 14. Bxf5 gxf5 15. 0-0 e6 16. Nf4 h5 17. Qa4 Ne7 18. b4 Ng6 19. Nh3 Be7 20. Bg5 Bxg5 21. Nxg5 Nf4 22. Qc2 Qe7 23. h4 Ng6 24. Qf2 f4 25. a4 Nxh4 26. Qxh4 Rg8 27. Qxh5 Qxg5 28. Qxg5 Rxg5 29. b5 Kd7 30. Rfb1 b6 31. Rc1 Rc8 32. cxb6 axb6 33. a5 bxa5 34. b6 Rb8 35. Rcb1 Rgg8 36. Rxa5 Ra8 37. Rba1 Rxa5 38. Rxa5 Rb8 39. Ra7+ Ke8 40. Ra6 Kd7 41. Kf2 Kc8 42. Ke2 Kb7 43. Ra7+ Kxb6 44. Rxf7 Rg8 45. Kf2 Kb5 46. Rxf4 Kc4 47. g4 Kd3 48. Kg2 Ke3 49. Kg3 Rg7 50. Rf6 Kxd4 51. Rxe6 Rc7 52. f4 c5 53. Ra6 c4 54. Ra4 Ke4 55. e6 d4 56. e7 Rxe7 57. Rxc4 Rd7 58. f5 Ke5 59. Rc5+ Kf6 60. Rc6+ Kf7 61. Rh6 Rd5 62. Rh7+ Kg8 63. Rh2 d3 64. Rd2 Kf7 65. Kf3 Rd4 66. g5 Kg7 67. Ke3 Rg4 68. g6 Kf6 69. Rf2 Rg3+ 70. Ke4 Rh3 71. Kd5 Rg3 72. Ke4 Rh3 73. Rg2 Rh8 74. Ra2 Rh4+ 75. Kd5 Rg4 76. Rf2 d2 77. Rxd2 Kxf5 1/2-1/2

[Event "URS Club Cup 2nd Group2"]
[Site "Podolsk"]
[Date "1990.03.??"]
[Round "5"]
[White "Ambartsoumian, Armen"]
[Black "Tsarev, Valeri"]
[Result "1-0"]
[WhiteElo "2355"]
[BlackElo "2325"]
[PlyCount "81"]
[EventDate "1990.03.??"]
[EventType "team-tourn"]
[EventRounds "6"]
[EventCountry "URS"]
[SourceTitle "EXT 2020"]
[Source "ChessBase"]
[SourceDate "2019.10.17"]
[SourceVersion "1"]
[SourceVersionDate "2019.10.17"]
[SourceQuality "1"]
[WhiteTeam "Yerevan"]
[BlackTeam "Moscow Soviet Central CC"]
[WhiteTeamCountry "ARM"]
[BlackTeamCountry "URS"]

1. d4 g6 2. c4 Nf6 3. Nc3 Bg7 4. e4 d6 5. Nf3 0-0 6. Be2 e5 7. 0-0 Nc6 8. d5 Ne7 9. Nd2 Ne8 10. b4 f5 11. c5 Kh8 12. f3 Ng8 13. Nc4 f4 14. Bd2 Rf7 15. a4 g5 16. a5 Bf8 17. b5 Nh6 18. b6 g4 19. fxg4 Rg7 20. h3 Nf7 21. bxc7 Qxc7 22. cxd6 Nexd6 23. Nxd6 Bxd6 24. Kh1 Qe7 25. Be1 Bd7 26. Rb1 Be8 27. Bb5 Bc5 28. Na4 Bxb5 29. Rxb5 Bd4 30. Rxf4 Nd6 31. Rb4 b5 32. axb6 axb6 33. Rxd4 exf4 34. Qe2 Qe5 35. Rb4 Rc7 36. Nb2 Ra2 37. g3 Rc1 38. Qd2 Rxb2 39. Qxc1 Rxb4 40. Bc3 Rd4 41. Qxf4 1-0

[Event "URS Club Cup 2nd Group2"]
[Site "Podolsk"]
[Date "1990.03.??"]
[Round "1"]
[White "Yurkov, Vladimir"]
[Black "Ambartsoumian, Armen"]
[Result "1/2-1/2"]
[WhiteElo "2260"]
[BlackElo "2355"]
[PlyCount "56"]
[EventDate "1990.03.??"]
[EventType "team-tourn"]
[EventRounds "6"]
[EventCountry "URS"]
[SourceTitle "EXT 2020"]
[Source "ChessBase"]
[SourceDate "2019.10.17"]
[SourceVersion "1"]
[SourceVersionDate "2019.10.17"]
[SourceQuality "1"]
[WhiteTeam "Moscow Tigran Petrosian"]
[BlackTeam "Yerevan"]
[WhiteTeamCountry "RUS"]
[BlackTeamCountry "ARM"]

1. c4 e6 2. Nf3 Nf6 3. g3 d5 4. b3 c5 5. Bg2 Nc6 6. 0-0 Be7 7. e3 0-0 8. Bb2 b6 9. Qe2 Ba6 10. Nc3 e5 11. d3 d4 12. Nb5 Bd6 13. Nh4 Bb7 14. Nxd6 Qxd6 15. e4 Qd8 16. Bc1 Ne8 17. Bh3 Bc8 18. Bxc8 Rxc8 19. Ng2 Nd6 20. f4 exf4 21. gxf4 f5 22. e5 Ne8 23. Qf3 Ne7 24. Bd2 Nc7 25. b4 Ne6 26. Kh1 Qd7 27. b5 a6 28. a4 a5 1/2-1/2